আলবেরুনীর ভারত-তত্ত্ব: (Record no. 26710)

MARC details
000 -LEADER
fixed length control field 01102nam a22002057a 4500
003 - CONTROL NUMBER IDENTIFIER
control field BDDh-ASL
005 - DATE AND TIME OF LATEST TRANSACTION
control field 20231015030656.0
008 - FIXED-LENGTH DATA ELEMENTS--GENERAL INFORMATION
fixed length control field 211017s20041974b ||||| |||| 00| 0 b d
040 ## - CATALOGING SOURCE
Transcribing agency BDDh-ASL
082 ## - DEWEY DECIMAL CLASSIFICATION NUMBER
Classification number 954.02
Item number ALB
245 10 - TITLE STATEMENT
Title আলবেরুনীর ভারত-তত্ত্ব:
Statement of responsibility, etc. আবুল কালাম মোহাম্মদ যাকারিয়া (অনূদিত ও সম্পাদিত)।
Remainder of title আবু রায়হান মুহম্মদ বিন আহমদ আলবেরুনীর ১০৩১ খ্রীস্টাব্দে লিখিত গ্রন্থের অনুবাদ /
246 ## - VARYING FORM OF TITLE
Title proper/short title Alberunir Bharat Tatta
260 ## - PUBLICATION, DISTRIBUTION, ETC.
Place of publication, distribution, etc. ঢাকা:
Name of publisher, distributor, etc. বাংলা একাডেমি,
Date of publication, distribution, etc. ২০০৪।
300 ## - PHYSICAL DESCRIPTION
Extent ৪১৬ পৃষ্ঠা, :
Dimensions ২২ সে. মি.
504 ## - BIBLIOGRAPHY, ETC. NOTE
Bibliography, etc. note নিঘন্ট সংযুক্ত ।
650 #0 - SUBJECT ADDED ENTRY--TOPICAL TERM
9 (RLIN) 4586
Topical term or geographic name entry element History (ইতিহাস)
650 #0 - SUBJECT ADDED ENTRY--TOPICAL TERM
9 (RLIN) 981
Topical term or geographic name entry element Bengal History
700 1# - ADDED ENTRY--PERSONAL NAME
9 (RLIN) 5125
Personal name হবিবুল্লাহ, আবু মহামেদ
942 ## - ADDED ENTRY ELEMENTS (KOHA)
Source of classification or shelving scheme Dewey Decimal Classification
Koha item type Books
Holdings
Withdrawn status Lost status Source of classification or shelving scheme Damaged status Not for loan Collection code Home library Current library Shelving location Date acquired Source of acquisition Total Checkouts Full call number Barcode Date last seen Copy number Price effective from Koha item type Public note
    Dewey Decimal Classification     Non-fiction Asiatic Society Library Asiatic Society Library General Stacks 10/17/2021 ASB Collection   954.02 ALB 112753 10/17/2021 C-1 10/17/2021 Books RARE

Powered by Koha